|
|
|
|
| LEADER |
00000cam a2200000 7i4500 |
| 001 |
0000030486 |
| 005 |
20241203.0 |
| 008 |
231012 my a eng |
| 020 |
|
|
|a 9789675272332 (pbk)
|
| 040 |
|
|
|a INS
|b eng
|e rda
|
| 090 |
0 |
0 |
|a KPG1100
|b .I33 2009
|
| 100 |
0 |
|
|a Ida Madieha Abdul Ghani Azni ,
|e author
|
| 245 |
1 |
0 |
|a Intellectual property system and industrial development in Malaysia
|c Ida Madieha Abdul Ghani Azni, Lim Heng Gee, Rokiah Alavi
|
| 264 |
|
1 |
|a Malaysia :
|b IIUM
|c 2009
|
| 264 |
|
4 |
|c ©2009
|
| 300 |
|
|
|a 193 pages :
|b illustrations ;
|c 23 cm.
|
| 336 |
|
|
|a text
|2 rdacontent
|
| 337 |
|
|
|a unmediated
|2 rdamedia
|
| 338 |
|
|
|a volume
|2 rdacarrier
|
| 504 |
|
|
|a Includes bibliographical references
|
| 650 |
|
0 |
|a Industrial property
|
| 650 |
|
0 |
|a Intellectual property
|z Malaysia
|
| 700 |
0 |
|
|a Rokiah Alavi ,
|e author
|
| 700 |
1 |
|
|a Lim, Heng Gee ,
|e author
|
| 999 |
|
|
|a 1000004696
|b BOOK
|c Open Shelf
|e Default branch
|